Dự án cấp nước đô thị Việt Nam: Kế hoạch tái định cư tiểu dự án cấp nước Thái Bình
Đã lưu trong:
| Údar Corparáideach: | |
|---|---|
| Formáid: | Leabhar |
| Teanga: | Undetermined |
| Foilsithe: |
Washington DC
The World Bank
2004
|
| Clibeanna: |
Cuir Clib Leis
Gan Chlibeanna, Bí ar an gcéad duine leis an taifead seo a chlibeáil!
|
| Thư viện lưu trữ: | Trung tâm Học liệu Trường Đại học Cần Thơ |
|---|
| LEADER | 00594nam a2200169Ia 4500 | ||
|---|---|---|---|
| 001 | CTU_62732 | ||
| 008 | 210402s9999 xx 000 0 und d | ||
| 082 | |a 363.7 | ||
| 082 | |b S678tb | ||
| 110 | |a Bộ xây dựng (Việt Nam) | ||
| 245 | 0 | |a Dự án cấp nước đô thị Việt Nam: | |
| 245 | 0 | |b Kế hoạch tái định cư tiểu dự án cấp nước Thái Bình | |
| 245 | 0 | |c Bộ xây dựng (Việt Nam) | |
| 260 | |a Washington DC | ||
| 260 | |b The World Bank | ||
| 260 | |c 2004 | ||
| 980 | |a Trung tâm Học liệu Trường Đại học Cần Thơ | ||